[Event "Mittelrhein Verbandsliga-W 16/17"]
[Site "Nordrheinwestfalen"]
[Date "2017.04.30"]
[Round "11.6"]
[White "Hund, Wolfgang"]
[Black "Tonev, Vasil"]
[Result "1-0"]
[WhiteElo "1583"]
[BlackElo "1717"]
[PlyCount "71"]
[EventDate "2016.09.11"]
[EventType "team-tourn"]
[EventRounds "11"]
[EventCountry "GER"]
[SourceTitle "EXT 2022"]
[Source "ChessBase"]
[SourceDate "2021.10.06"]
[SourceVersion "1"]
[SourceVersionDate "2021.10.06"]
[SourceQuality "1"]
[WhiteTeam "Kerpen SK"]
[BlackTeam "Horrem"]
[WhiteTeamCountry "GER"]
[BlackTeamCountry "GER"]

1. d4 d5 2. c4 c6 3. Nc3 Nf6 4. Nf3 e6 5. e3 Be7 6. Be2 dxc4 7. Bxc4 0-0 8. 0-0 b6 9. Bd3 Ba6 10. Bxa6 Nxa6 11. Qa4 Nb4 12. Ne5 Qc7 13. a3 b5 14. Qb3 Nbd5 15. Nxd5 cxd5 16. Qxb5 Rfc8 17. Qd3 Qc2 18. Qxc2 Rxc2 19. f3 Rac8 20. Nd3 a5 21. b4 Nd7 22. Nc5 Nb6 23. Rf2 Rxf2 24. Kxf2 Bxc5 25. bxc5 Nc4 26. Rb1 g6 27. Ke2 Rc7 28. Kd3 f5 29. e4 Kf7 30. exd5 exd5 31. Rb3 Kf6 32. a4 Rc6 33. Rb7 h5 34. h4 f4 35. Bxf4 Nb2+ 36. Rxb2 1-0